|
|
|
|
| LEADER |
01298nam a2200349 a 4500 |
| 001 |
EBC996698 |
| 003 |
MiAaPQ |
| 005 |
20200520144314.0 |
| 006 |
m o d | |
| 007 |
cr cn||||||||| |
| 008 |
051229s2006 caua sb 001 0 eng |
| 010 |
|
|
|z 2005037844
|
| 020 |
|
|
|z 141290997X (cloth)
|
| 035 |
|
|
|a (MiAaPQ)EBC996698
|
| 035 |
|
|
|a (Au-PeEL)EBL996698
|
| 035 |
|
|
|a (CaPaEBR)ebr10372868
|
| 035 |
|
|
|a (CaONFJC)MIL672864
|
| 035 |
|
|
|a (OCoLC)809772414
|
| 040 |
|
|
|a MiAaPQ
|c MiAaPQ
|d MiAaPQ
|
| 050 |
|
4 |
|a HF5415.2
|b .H286 2006
|
| 082 |
0 |
4 |
|a 658.8/3
|2 22
|
| 245 |
0 |
4 |
|a The handbook of marketing research
|h [electronic resource] :
|b uses, misuses, and future advances /
|c edited by Rajiv Grover, Marco Vriens.
|
| 260 |
|
|
|a Thousand Oaks :
|b Sage Publications,
|c c2006.
|
| 300 |
|
|
|a xi, 705 p. :
|b ill.,.
|
| 504 |
|
|
|a Includes bibliographical references and index.
|
| 533 |
|
|
|a Electronic reproduction. Ann Arbor, MI : ProQuest, 2015. Available via World Wide Web. Access may be limited to ProQuest affiliated libraries.
|
| 650 |
|
0 |
|a Marketing research.
|
| 655 |
|
4 |
|a Electronic books.
|
| 700 |
1 |
|
|a Grover, Rajiv,
|d 1953-
|
| 700 |
1 |
|
|a Vriens, Marco.
|
| 710 |
2 |
|
|a ProQuest (Firm)
|
| 856 |
4 |
0 |
|u https://ebookcentral.proquest.com/lib/matrademy/detail.action?docID=996698
|z Click to View
|